00362nam a2200157Ia 45000010006000000050017000060080041000230410008000640820017000721000029000892450043001182600009001613000018001706500008001886540008001961850020260306171635.0260306s9999||||xx |||||||||||||| ||und|| aESP a658.406bJ67 aJohansson, Henry J.eAUT 0aReingeniería de procesos de negocios c1996 a268 pc24 cm. aGEN aCAN